[Event "Cto. Navarra por Equipos - Primera A"]
[Site "?"]
[Date "2017.11.11"]
[Round "5"]
[White "Galvan Perez-Ilzarbe, Alejandro"]
[Black "Torres Calvo, Mauricio"]
[Result "1/2-1/2"]
[WhiteElo "1863"]
[BlackElo "1806"]

1.e4 c5 2.d4 cxd4 3.c3 g6 4.Nf3 Bg7 5.Bc4 Nc6 6.cxd4 e6 7.Nc3 a6 8.O-O Nge7
9.Bf4 O-O 10.e5 d5 11.Bb3 b5 12.Qd2 Qb6 13.Rfd1 Bd7 14.Bh6 Nf5 15.Bxg7 Kxg7
16.Bc2 Nfe7 17.Ne2 Rac8 18.Nf4 a5 19.h4 Nb4 20.Bd3 Nxd3 21.Qxd3 Rc4 22.b3 Rc7
23.Ng5 h6 24.Nh5 Kh8 25.Nf6 hxg5 26.hxg5 Kg7 27.g4 Rh8 28.Kg2 Qc6 29.Rh1 Rcc8
30.Qe3 Qb7 31.Rac1 Rxc1 32.Qxc1 Qc8 33.Rxh8 Qxh8 34.Nxd7 Qh4 35.Nf6 Ng8 36.Qf4
Kf8 37.Nxg8 Kxg8 38.a3 Kf8 39.f3 Ke8 40.Qd2 a4 41.bxa4 bxa4 42.Qc1 Kd7 43.Qc2
Qxg5 44.Qxa4 Ke7 45.Qb4 Ke8 46.Qd6 Qd2 47.Kg3 1/2-1/2

[Event "Cto. Navarra por Equipos - Primera A"]
[Site "?"]
[Date "2017.11.11"]
[Round "5"]
[White "Soler Huguet, Carlos Francisco"]
[Black "Labiano Hernandez, Juan"]
[Result "0-1"]
[WhiteElo "1777"]
[BlackElo "1711"]

1.b4 e5 2.Bb2 d5 3.Bxe5 Nc6 4.Bb2 Nxb4 5.a3 Nc6 6.e3 Nf6 7.Nf3 Bd6 8.c4 dxc4
9.Bxc4 Bg4 10.Qc2 Bh5 11.Nc3 O-O 12.Nb5 Bg6 13.d3 a6 14.Nxd6 Qxd6 15.Rc1 Rfe8
16.O-O Rad8 17.Qc3 Bh5 18.Ng5 Qe5 19.Nxf7 Bxf7 20.Bxf7 Kxf7 21.Qb3 Qe6 22.Qxb7
Ne7 23.Bxf6 gxf6 24.d4 c6 25.Qxa6 Rg8 26.Qd3 Rxg2 0-1

[Event "Cto. Navarra por Equipos - Primera A"]
[Site "?"]
[Date "2017.11.11"]
[Round "5"]
[White "Habans Aguerrea, Javier"]
[Black "Rodes Martinez, Francisco Javier"]
[Result "1-0"]
[WhiteElo "1707"]
[BlackElo "1667"]

1.d4 Nf6 2.Bg5 d5 3.Bxf6 exf6 4.e3 Be6 5.g3 Nd7 6.Bg2 c6 7.Ne2 Bd6 8.O-O O-O
9.Nd2 f5 10.b3 Nf6 11.c4 Re8 12.c5 Bc7 13.b4 Ne4 14.a4 h5 15.h4 g5 16.hxg5 Nxd2
17.Qxd2 Qxg5 18.f4 Qg6 19.Kf2 Kg7 20.b5 Rh8 21.Rh1 Rag8 22.Bf3 Kf8 23.Qb4 Ke7
24.a5 Bd7 25.Rh3 Rh6 26.bxc6 Qxc6 27.Nc3 Be6 28.Be2 a6 29.Rah1 Rgh8 30.Bd1 Bc8
31.Bb3 Qg6 32.Nxd5 Kd8 33.c6 Qd6 34.cxb7 Bxb7 35.Qxb7 Bxa5 36.Rc1 Ke8 37.Rc8 Bd8
38.Nc7 Kf8 39.Nb5 1-0

[Event "Cto. Navarra por Equipos - Primera A"]
[Site "?"]
[Date "2017.11.11"]
[Round "5"]
[White "Marques Jalle, Jose Antonio"]
[Black "Del Carmen Hernandez, Aimer"]
[Result "0-1"]
[WhiteElo "1554"]
[BlackElo "1669"]

1.d4 Nf6 2.c4 c5 3.Nf3 b5 4.cxb5 a6 5.e3 e6 6.Nc3 d5 7.Be2 Bd6 8.O-O O-O 9.a3
Nbd7 10.bxa6 Bxa6 11.b3 Bxe2 12.Qxe2 Qb6 13.Qb5 Rfb8 14.Qxb6 Rxb6 15.Nd2 e5
16.Na4 Rb7 17.Nxc5 Bxc5 18.dxc5 Nxc5 19.Rb1 Nfe4 20.b4 Nc3 21.Rb2 Nd3 22.Rc2 Ne2
23.Kh1 Nexc1 24.Rfxc1 Nxc1 25.Rxc1 Rbb8 26.Rc3 Rc8 27.Rxc8 Rxc8 28.a4 Rc2 29.Nf3
f6 30.g4 Rxf2 31.b5 Rxf3 32.b6 Rf1 33.Kg2 Rb1 0-1

[Event "Cto. Navarra por Equipos - Primera A"]
[Site "?"]
[Date "2017.11.11"]
[Round "5"]
[White "Martin Fito, Angel Luis"]
[Black "Sola Garate, Roberto"]
[Result "1-0"]
[WhiteElo "1649"]
[BlackElo "1468"]

1.d4 f5 2.Nf3 g6 3.c4 Bg7 4.Nc3 Nf6 5.Bf4 d6 6.e3 Nbd7 7.Qb3 c6 8.a4 a5 9.Be2
Qb6 10.Qa2 Qb4 11.O-O O-O 12.c5 d5 13.Ne1 Ne4 14.Nxe4 fxe4 15.Rd1 Nxc5 16.dxc5
Qxc5 17.Qb3 Qb4 18.Qxb4 axb4 19.b3 Bc3 20.Bc7 e5 21.Nc2 Rf6 22.Bd8 Rf7 23.Bb6
Be6 24.Rb1 Rd7 25.Rfd1 d4 26.exd4 exd4 27.Nxd4 Bxd4 28.Rxd4 Rxd4 29.Bxd4 Rd8
30.Be3 Kf7 31.h3 h5 32.Kf1 Rb8 33.Bc5 b6 34.Bxb4 c5 35.Bd2 Rd8 36.Be3 Ra8 37.Bb5
Kf6 38.Ke2 Ke5 39.Bh6 Kf6 40.h4 Kf5 41.Ke3 Rd8 42.Bg7 Rg8 43.Bc3 g5 44.Bc6 1-0

[Event "Cto. Navarra por Equipos - Primera A"]
[Site "?"]
[Date "2017.11.11"]
[Round "5"]
[White "Garrido Tabuenca, Rafael Felix"]
[Black "Abrisqueta Zudaire, Leyre"]
[Result "0-1"]
[WhiteElo "1433"]
[BlackElo "1621"]

1.d4 d5 2.Nf3 Nf6 3.Bf4 c5 4.e3 e6 5.c3 Qb6 6.Qc2 Nc6 7.Nbd2 Bd7 8.h3 Rc8 9.Ne5
cxd4 10.Nxd7 Nxd7 11.Qb3 dxc3 12.bxc3 Be7 13.Rb1 O-O 14.Qc2 Qa5 15.Rb5 Qd8
16.Rxb7 Nb4 17.Qa4 Nc5 18.Qxa7 Nxb7 19.Qxb7 Rxc3 20.Be2 Rc1 21.Bd1 Nd3 22.Ke2
Nxf4 23.exf4 Qd6 24.Qb2 Qa6 25.Ke1 Rfc8 26.f3 Bh4 0-1

[Event "Cto. Navarra por Equipos - Primera A"]
[Site "?"]
[Date "2017.11.01"]
[Round "5"]
[White "Insausti Goni, Sebastian"]
[Black "Vicente Merino, Daniel"]
[Result "1-0"]
[WhiteElo "1844"]
[BlackElo "1189"]

1.e4 e5 2.Nf3 Nc6 3.Bc4 Nf6 4.Ng5 d5 5.exd5 Nxd5 6.Nxf7 Kxf7 7.Qf3 Ke7 8.Bxd5
Be6 9.Bxc6 bxc6 10.d3 Ke8 11.Qxc6 Bd7 12.Qf3 Bb4 13.Nc3 Rf8 14.Qh5 g6 15.Qxe5
Kf7 16.O-O Bd6 17.Qg5 Be7 18.Qh6 Kg8 19.Ne4 Bc6 20.Ng5 Bxg5 21.Qxg5 Qb8 22.b3
Rf5 23.Qd2 Qb7 24.f3 Re8 25.Bb2 Qb6 26.Kh1 Qa5 27.b4 Qd5 28.c4 Qf7 29.Qc3 Ree5
30.Rae1 Rxf3 31.Kg1 Rxe1 32.Qh8 1-0

[Event "Cto. Navarra por Equipos - Primera A"]
[Site "?"]
[Date "2017.11.11"]
[Round "5"]
[White "Goikoetxea Macua, Ander"]
[Black "Flores Lazcoz, Jose Luis"]
[Result "1-0"]
[WhiteElo "1117"]
[BlackElo "1765"]

1.e4 c6 2.Nc3 d5 3.exd5 cxd5 4.d4 Nc6 5.Bf4 Nf6 6.Nb5 Qa5 7.c3 Kd7 8.Nf3 Ne8
9.Bd3 a6 10.Na3 e6 11.Nc2 Bd6 12.Qd2 Qc7 13.Bxd6 Qxd6 14.O-O Nf6 15.Rfe1 b5
16.Ne5 Ke7 17.Ne3 Nd7 18.Nf5 exf5 19.Nc4 1-0

[Event "Cto. Navarra por Equipos - Primera A"]
[Site "?"]
[Date "2017.11.11"]
[Round "5"]
[White "Vergara Bermejo, Xabier"]
[Black "Otano Villanueva, Joseba"]
[Result "0-1"]
[WhiteElo "1042"]
[BlackElo "1676"]

1.e4 e5 2.f4 Bc5 3.Nf3 d6 4.Bc4 Nf6 5.Nc3 Ng4 6.d4 exd4 7.Nxd4 O-O 8.h3 Qh4
9.Ke2 Qf2 10.Kd3 Qxd4 11.Ke2 Qxc4 12.Ke1 Bf2 13.Kd2 Be3 14.Ke1 Bxc1 15.Qxc1 Nf6
16.g4 Re8 17.Kf2 Nc6 18.Qd2 Rxe4 19.b3 Rxf4 20.Kg2 Rd4 21.Qe1 Qc5 22.Rf1 Bxg4
23.hxg4 Rxg4 24.Kf3 Nd4 25.Kf2 Nxc2 26.Ke2 Nxe1 27.Raxe1 Qxc3 28.Kf2 Qg3 29.Ke2
Re8 30.Kd1 Rd4 31.Kc1 Rxe1 32.Rxe1 Qxe1 33.Kb2 Rd2 34.Ka3 Qc1 35.Kb4 Qc5 36.Ka4
Rd4 37.b4 Qxb4 0-1

[Event "Cto. Navarra por Equipos - Primera B"]
[Site "?"]
[Date "2017.11.11"]
[Round "5"]
[White "Roldan Marques, Marta"]
[Black "Razkin Fraile, Miguel Angel"]
[Result "1/2-1/2"]
[WhiteElo "1742"]
[BlackElo "1703"]

1.e4 c6 2.d4 d5 3.exd5 cxd5 4.Bd3 Nf6 5.Nf3 h6 6.c3 Nc6 7.Bf4 e6 8.Nbd2 Bd6
9.Ne5 Bxe5 10.dxe5 Nd7 11.Bb5 a6 12.Bxc6 bxc6 13.Qg4 g6 14.h4 Rb8 15.b3 Qc7
16.Nf3 Nc5 17.O-O Ne4 18.Rfc1 h5 19.Qh3 f5 20.Qh2 a5 21.Ng5 Nxg5 22.Bxg5 Ba6
23.Bf6 O-O 24.Qg3 Kh7 25.Qg5 Qa7 26.Re1 a4 27.b4 Rf7 28.Re3 d4 29.Rg3 Rg8
30.cxd4 Qxd4 31.Rc1 Bb5 1/2-1/2

[Event "Cto. Navarra por Equipos - Primera B"]
[Site "?"]
[Date "2017.11.11"]
[Round "5"]
[White "Onila, Vladimir"]
[Black "Zubicoa Aznar, Santiago"]
[Result "0-1"]
[WhiteElo "1352"]
[BlackElo "1604"]

1.e4 c5 2.Nc3 Nc6 3.Bb5 Nd4 4.Nf3 Nxb5 5.Nxb5 a6 6.Nc3 d6 7.d3 e6 8.Bf4 Nf6 9.h3
Be7 10.O-O O-O 11.Re1 Nd7 12.e5 dxe5 13.Nxe5 Bf6 14.Qg4 Nxe5 15.Bxe5 b6 16.Rad1
Bxe5 17.Rxe5 f6 18.Re3 Ra7 19.d4 e5 20.Qe4 cxd4 21.Rg3 Rd7 22.Ne2 Bb7 23.Qd3
Rff7 24.f3 Qc8 25.h4 Rc7 26.c3 dxc3 27.Nxc3 Rfd7 28.Qc2 b5 29.Qb1 Rc4 30.Rxd7
Qxd7 31.h5 Rh4 32.Rh3 Rxh3 33.gxh3 Bxf3 34.Kh2 Qd2 0-1

[Event "Cto. Navarra por Equipos - Primera B"]
[Site "?"]
[Date "2017.11.11"]
[Round "5"]
[White "Fuertes Cirauqui, Pablo"]
[Black "Miranda Urrizola, Ruben"]
[Result "1-0"]
[WhiteElo "1550"]
[BlackElo "1025"]

1.e4 e5 2.Nc3 Bc5 3.f4 Qf6 4.Nf3 d6 5.f5 Ne7 6.d4 exd4 7.Bg5 Qxg5 8.Nxg5 dxc3
9.bxc3 h6 10.Nf3 O-O 11.Nd4 Bd7 12.Bd3 Re8 13.O-O Nbc6 14.Kh1 Nxd4 15.cxd4 Bxd4
16.Rb1 b6 17.Bc4 Bc5 18.Qh5 Rf8 19.f6 1-0

[Event "Cto. Navarra por Equipos - Primera B"]
[Site "?"]
[Date "2017.11.11"]
[Round "5"]
[White "Gilabert Pastor, Venancio"]
[Black "Ochoa Aldaz, Mikel"]
[Result "0-1"]
[WhiteElo "1186"]
[BlackElo "1739"]

1.e4 c6 2.d4 d5 3.e5 c5 4.c4 dxc4 5.Bxc4 Qxd4 6.Qxd4 cxd4 7.Nf3 Nc6 8.O-O Bf5
9.Nbd2 e6 10.Nb3 O-O-O 11.Rd1 Bc2 12.Re1 Nge7 13.Bf4 h6 14.Rac1 d3 15.a3 g5
16.Bd2 Ng6 17.g4 Bg7 18.Bc3 Nf4 19.Na1 Ba4 20.b3 b5 21.Rcd1 bxc4 22.bxa4 Ne2
23.Rxe2 dxe2 24.Rd6 Rxd6 25.exd6 Bxc3 0-1

[Event "Cto. Navarra por Equipos - Primera B"]
[Site "?"]
[Date "2017.11.11"]
[Round "5"]
[White "Sancinena Arpide, Juan"]
[Black "Perez Esteban, Aitor"]
[Result "1-0"]
[WhiteElo "1694"]
[BlackElo "1164"]

1.e4 e5 2.Nf3 Nf6 3.Nxe5 Qe7 4.Nf3 b6 5.d3 Nc6 6.Be2 d5 7.exd5 Nxd5 8.O-O g6
9.d4 a6 10.Re1 Qd7 11.Bxa6 Be7 12.Bb5 O-O 13.c4 Bb4 14.Re2 Ba6 15.Ne5 Qd6
16.Nxc6 Bxb5 17.cxb5 Nf4 18.Bxf4 Qxf4 19.Nxb4 Rae8 20.Nc3 Rxe2 21.Nxe2 Qh6
22.Nd5 Qg5 23.Nxc7 Rc8 24.Rc1 Rxc7 25.Rxc7 Qxb5 26.d5 Qxb2 27.d6 Qe5 28.Rc8 Kg7
29.d7 Qb2 30.d8=Q Qb5 31.Q1d4 Kh6 32.Q4h4 Qh5 33.Qf8 1-0

[Event "Cto. Navarra por Equipos - Primera B"]
[Site "?"]
[Date "2017.11.11"]
[Round "5"]
[White "Ayucar Nunez, Asier"]
[Black "Ruiz Anton, Adolfo"]
[Result "0-1"]
[WhiteElo "1200"]
[BlackElo "1590"]

1.e4 d5 2.exd5 Qxd5 3.Nc3 Qa5 4.a3 Nf6 5.b4 Qf5 6.d4 b6 7.Bd3 Qd7 8.Nf3 c6 9.Bf4
g6 10.Ne5 Qxd4 11.Qd2 Nh5 12.g3 Nxf4 13.gxf4 Bg7 14.O-O-O Bxe5 15.fxe5 O-O 16.h4
Qxe5 17.f4 Qf6 18.Rdf1 Bf5 19.Bxf5 Qxf5 20.h5 a5 21.Qd4 Qf6 22.Qxf6 exf6 23.h6
axb4 24.axb4 Ra1 25.Kd2 Rd8 26.Ke3 Rxf1 27.Rxf1 f5 28.Rg1 Rd6 29.Ne2 Nd7 30.Nd4
Nf6 31.Nxf5 Re6 32.Kf3 Kf8 33.Nd4 Rd6 34.c3 c5 35.Nb5 Rd3 36.Ke2 Rh3 37.bxc5
bxc5 38.c4 Rxh6 39.Nd6 Rh2 40.Kf3 Rd2 41.Nb7 Rc2 42.Nxc5 Rxc4 43.Nb7 Nd5 44.Rd1
Rc3 45.Ke4 Rb3 46.Nc5 Nc3 47.Ke5 Nxd1 48.Nxb3 Ne3 49.Nc5 h5 50.Ne4 Kg7 51.Ng5 f6
52.Ke4 fxg5 53.Kxe3 g4 54.Kf2 0-1

[Event "Cto. Navarra por Equipos - Primera B"]
[Site "?"]
[Date "2017.11.11"]
[Round "5"]
[White "Rebole Arbea, Pedro Maria"]
[Black "Ayucar Nunez, Inigo"]
[Result "1/2-1/2"]
[WhiteElo "1627"]
[BlackElo "1071"]

1.e4 e6 2.d4 d5 3.e5 c5 4.Bb5 Nc6 5.Bxc6 bxc6 6.c3 cxd4 7.cxd4 Ne7 8.Nf3 Ng6
9.O-O Be7 10.Nc3 O-O 11.Ne2 Ba6 12.Re1 Bxe2 13.Rxe2 Re8 14.h3 f5 15.Qa4 Qb6
16.Bg5 Bxg5 17.Nxg5 h6 18.Nf3 Rec8 19.g3 Qb5 20.Qd1 Qb7 1/2-1/2

[Event "Cto. Navarra por Equipos - Primera B"]
[Site "?"]
[Date "2017.11.11"]
[Round "5"]
[White "Legasa Martin, Aitor"]
[Black "Garraza Obaldia, Esteban"]
[Result "0-1"]
[WhiteElo "1024"]
[BlackElo "1538"]

1.e4 c5 2.Nf3 d6 3.d4 cxd4 4.Nxd4 Nf6 5.Nc3 a6 6.Bd3 e5 7.Nf3 Be6 8.Ng5 Bg4
9.Be2 Bxe2 10.Qxe2 Be7 11.Qc4 O-O 12.Qd3 Nfd7 13.Nf3 Nc5 14.Qd1 Nbd7 15.Be3 Rc8
16.Qd5 Nf6 17.Qc4 Ncxe4 18.Qd3 Nxc3 19.bxc3 e4 20.Qe2 exf3 21.Qxf3 Qc7 22.Ke2
Qxc3 23.Qxb7 Qxc2 24.Bd2 Qc4 25.Ke1 Rc7 26.Rc1 Qxc1 27.Bxc1 Rxb7 28.Ke2 Rb1
29.Kd3 Rc8 30.Re1 Rcxc1 31.Rxe7 Rd1 32.Kc2 h6 33.Ra7 d5 34.Rxa6 d4 35.Ra3 Ne4
36.f3 d3 37.Rxd3 Rdc1 0-1

[Event "Cto. Navarra por Equipos - Primera B"]
[Site "?"]
[Date "2017.11.11"]
[Round "5"]
[White "Esparza Martinez, Javier Ignacio"]
[Black "Gonzalez Oderiz, Jose Maria"]
[Result "1-0"]
[WhiteElo "1981"]
[BlackElo "1845"]

1.d4 Nf6 2.Nf3 g6 3.c4 Bg7 4.Nc3 O-O 5.e4 d6 6.Be2 e5 7.d5 Nbd7 8.O-O Nc5 9.Qc2
Bg4 10.b4 Na6 11.Rb1 Ne8 12.Ne1 Bxe2 13.Qxe2 f5 14.Nd3 f4 15.f3 Qh4 16.Bd2 g5
17.b5 Nb8 18.c5 Nd7 19.c6 bxc6 20.dxc6 Nb6 21.Nb4 Nf6 22.Be1 Qh5 23.h3 Qf7
24.Bf2 h5 25.a4 g4 26.hxg4 hxg4 27.fxg4 Qc4 28.Qf3 Qe6 29.g5 Ng4 30.Ncd5 Nxf2
31.Rxf2 Rf7 32.Qh5 Bh8 33.g6 Rg7 34.Rf3 Rxg6 35.Qxg6 Qxg6 36.Ne7 Kf7 37.Nxg6
Kxg6 38.Nd5 Nxd5 39.exd5 Kf5 40.a5 e4 41.Rh3 Rc8 42.b6 axb6 43.a6 Ra8 44.Rh7 Bd4
45.Kf1 Ke5 46.Rh5 Kf6 47.Rb4 Rxa6 48.Rxd4 1-0

[Event "Cto. Navarra por Equipos - Primera B"]
[Site "?"]
[Date "2017.11.11"]
[Round "5"]
[White "Alfonso Abrego, Santiago"]
[Black "Garcia Mina, Daniel"]
[Result "1-0"]
[WhiteElo "1793"]
[BlackElo "1753"]

1.e4 e6 2.d4 d5 3.Nc3 Nf6 4.e5 Nfd7 5.f4 Bb4 6.Nf3 Bxc3 7.bxc3 c5 8.Bd3 Nc6
9.O-O Ne7 10.Ng5 cxd4 11.cxd4 g6 12.c3 b6 13.g4 Qc7 14.Bd2 Bb7 15.f5 gxf5
16.gxf5 Rg8 17.fxe6 fxe6 18.Qh5 Ng6 19.Qxh7 O-O-O 20.Bxg6 Rh8 21.Qe7 Qc4 22.Nf7
Qe2 23.Rf2 1-0

[Event "Cto. Navarra por Equipos - Primera B"]
[Site "?"]
[Date "2017.11.11"]
[Round "5"]
[White "Oyaga Valencia, Jesus Maria"]
[Black "Sempere Gomis, Andres Valentin"]
[Result "1-0"]
[WhiteElo "1646"]
[BlackElo "1790"]

1.e4 e6 2.d4 c5 3.c3 d5 4.e5 Nc6 5.Nf3 Qb6 6.a3 a5 7.Qd3 cxd4 8.cxd4 Bd7 9.Nc3
Na7 10.Be2 Ne7 11.Rb1 Nf5 12.Be3 Be7 13.O-O Rc8 14.g4 Nh4 15.Nxh4 Bxh4 16.b4 a4
17.Bd1 Qc7 18.Bd2 b5 19.Be2 Qd8 20.Rbc1 O-O 21.Qe3 f6 22.f4 fxe5 23.fxe5 Rxf1
24.Bxf1 h6 25.Bd3 Bg5 26.Qe2 Bxd2 27.Qxd2 Qh4 28.Qe2 Qg5 29.Rc2 Qf4 30.Qf2 Qxg4
31.Kh1 Rf8 32.Bh7 Kxh7 33.Qxf8 Qxd4 34.Qc5 Qxc5 35.bxc5 d4 36.Na2 Nc6 37.Nb4 Kg6
38.Rf2 Nxe5 39.Rf4 Nc6 40.Nxc6 Bxc6 41.Kg1 e5 42.Rf8 b4 43.axb4 a3 44.b5 a2
45.Rf1 Bxb5 46.Ra1 Bc4 47.c6 Be6 48.c7 Kf5 49.Rxa2 Ke4 50.Kf2 Bf5 51.Ra3 g5
52.Ra8 Kd3 53.c8=Q Bxc8 54.Rxc8 e4 55.Ke1 Ke3 56.Rf8 d3 57.Rf6 g4 58.Rxh6 Kf3
59.Rf6 Ke3 60.Rf8 Kd4 61.Rg8 Kc3 62.Rd8 e3 63.Rd7 Kc2 64.Rc7 Kb3 65.Re7 Kc2
66.Rc7 Kb3 67.Kd1 1-0

[Event "Cto. Navarra por Equipos - Primera B"]
[Site "?"]
[Date "2017.11.11"]
[Round "5"]
[White "Duran Fernandez, Emilio"]
[Black "Rey Fuentes, Juan Maria"]
[Result "1/2-1/2"]
[WhiteElo "1655"]
[BlackElo "1546"]

1.c4 c6 2.Nc3 Nf6 3.d4 d5 4.Nf3 Bf5 5.e3 e6 6.Bd3 Bxd3 7.Qxd3 Nbd7 8.b3 Bb4
9.Bb2 Ne4 10.O-O Ndf6 11.Nd2 Nxd2 12.Qxd2 Ne4 13.Qd3 Nxc3 14.Bxc3 Bxc3 15.Qxc3
O-O 16.a4 Qd6 17.c5 Qc7 18.b4 Rfe8 19.f4 f6 20.Rf3 Re7 21.Raf1 Rae8 22.Qd3 b6
23.g4 bxc5 24.bxc5 Qa5 25.g5 f5 26.Qb3 Rc7 27.Rb1 Ree7 28.Qb8 Kf7 29.Qh8 Rb7
30.Rbf1 Re8 31.Qxh7 Rbb8 32.g6 Kf6 33.Qh4 Kxg6 34.Rg3 Kf7 35.Qh5 Kg8 36.Rh3 Qd8
37.Rg3 Qf6 38.Rg6 Qf8 39.Rf3 Rb1 40.Kg2 Rb2 41.Kg1 Rb1 42.Kg2 1/2-1/2

[Event "Cto. Navarra por Equipos - Primera B"]
[Site "?"]
[Date "2017.11.11"]
[Round "5"]
[White "Hernandez Zorzano, Fernando"]
[Black "Velaz Ballesteros, Inigo"]
[Result "1-0"]
[WhiteElo "1524"]
[BlackElo "1165"]

1.d4 Nf6 2.c4 g6 3.Nc3 Bg7 4.Nf3 d5 5.cxd5 Nxd5 6.e4 Nf6 7.Bc4 O-O 8.O-O Nbd7
9.h3 Nb6 10.Bb3 a5 11.Re1 Bd7 12.e5 Nfd5 13.Nxd5 Nxd5 14.Bxd5 e6 15.Bxb7 Ra7
16.Be4 a4 17.a3 Bb5 18.Bd3 Bc6 19.Be4 Qd7 20.Qc2 Bd5 21.Bxd5 Qxd5 22.Qc5 Qxc5
23.dxc5 Ra5 24.Bd2 Rb5 25.Bb4 Rd8 26.Rad1 Rdb8 27.Rd7 c6 28.Red1 h6 29.Rd8 Bf8
30.R1d7 Kg7 31.Rxb8 Rxb8 32.Nd4 Bxc5 33.Nxe6 Kg8 34.Nxc5 Re8 35.f4 g5 36.g3 1-0

[Event "Cto. Navarra Absoluto por Equipos 2018"]
[Site "?"]
[Date "2018.10.13"]
[Round "1.1"]
[White "Ochoa Aldaz, Mikel"]
[Black "Tunon Gonzalo, Eduardo"]
[Result "1-0"]
[EventDate "2018.10.13"]
[WhiteElo "1824"]
[BlackElo "1620"]
[SourceDate "2018.11.18"]
[SourceTitle "FNA"]

1.e4 e6 2.d4 d5 3.exd5 exd5 4.c4 Nf6 5.Nc3 Be6 6.cxd5 Nxd5 7.Nf3 Be7 8.Bb5 c6
9.Ba4 O-O 10.O-O Na6 11.Re1 Nac7 12.a3 Bf5 13.Bc2 Bxc2 14.Qxc2 Re8 15.Qf5 Qd6
16.Ne5 Nf6 17.Be3 g6 18.Qf3 Qe6 19.Bg5 Rad8 20.Nxg6 Qd6 21.Nxe7 Rxe7 22.Rxe7
Qxe7 23.Bxf6 1-0

[Event "Cto. Navarra Absoluto por Equipos 2018"]
[Site "?"]
[Date "2018.10.13"]
[Round "1.2"]
[White "Perez Alonso, Daniel"]
[Black "Blanco Sisniega, Jonas"]
[Result "0-1"]
[EventDate "2018.10.13"]
[WhiteElo "1624"]
[BlackElo "1789"]
[SourceDate "2018.11.18"]
[SourceTitle "FNA"]

1.e4 c5 2.Nf3 d6 3.d4 cxd4 4.Nxd4 Nf6 5.Nc3 a6 6.Bd3 e5 7.Nf3 Be6 8.h3 Be7 9.O-O
Nbd7 10.Ng5 b5 11.a3 Nb6 12.Nxe6 fxe6 13.Ne2 d5 14.f4 dxe4 15.fxe5 exd3 16.exf6
Bxf6 17.Qxd3 Qxd3 18.cxd3 O-O 19.Rb1 Na4 20.Re1 Rac8 21.Nf4 Bd4 22.Kh1 e5 23.Ne6
Rf2 24.Nxd4 exd4 25.Re6 Rf1 26.Kh2 Rcxc1 27.Rxc1 Rxc1 28.Rxa6 Rd1 29.Ra5 Nxb2
30.Rxb5 Nxd3 31.a4 Nf4 32.Kg3 Ne6 33.a5 Ra1 34.Kf3 Kf7 35.Ke4 Ra3 36.Kf5 g6
37.Ke5 Re3 38.Kd5 Kf6 39.Kc6 Rc3 40.Kb6 d3 41.a6 Ra3 42.Rd5 Rxa6 43.Kb7 Ra2
44.g4 Rc2 45.Kb6 d2 46.Ka5 Rc5 0-1

[Event "Cto. Navarra Absoluto por Equipos 2018"]
[Site "?"]
[Date "2018.10.13"]
[Round "1.3"]
[White "Rebole Arbea, Pedro Maria"]
[Black "Lopez Garcia, Manu"]
[Result "1-0"]
[EventDate "2018.10.13"]
[WhiteElo "1568"]
[BlackElo "1475"]
[SourceDate "2018.11.18"]
[SourceTitle "FNA"]

1.e4 d6 2.d4 Nf6 3.Bd3 g6 4.Bg5 Bg7 5.Bxf6 exf6 6.c3 O-O 7.Nf3 f5 8.O-O Re8
9.exf5 Bxf5 10.Bxf5 gxf5 11.Nbd2 Nc6 12.Qb3 Qd7 13.Rfe1 b6 14.Qb5 Bh6 15.Qd3
Rxe1 16.Rxe1 Re8 17.Rxe8 Qxe8 18.Qxf5 Bxd2 19.Nxd2 Qe1 20.Nf1 Qe8 21.Ne3 Ne7
22.Qf6 Qd7 23.h3 c5 24.Ng4 Ng6 25.Nh6 Kf8 26.Nf5 Ke8 27.Nxd6 Kf8 28.Nf5 cxd4
29.cxd4 Qc8 30.Qg7 Ke8 31.Nd6 1-0

[Event "Cto. Navarra Absoluto por Equipos 2018"]
[Site "?"]
[Date "2018.10.13"]
[Round "1.4"]
[White "Adrian Abad, Miguel"]
[Black "Ruiz Anton, Adolfo"]
[Result "0-1"]
[EventDate "2018.10.13"]
[WhiteElo "1409"]
[BlackElo "1532"]
[SourceDate "2018.11.18"]
[SourceTitle "FNA"]

1.e4 e6 2.d4 d5 3.e5 c5 4.Nf3 Nc6 5.c3 Qb6 6.Be2 Nge7 7.dxc5 Qxc5 8.Be3 Qa5
9.O-O Ng6 10.Bd4 Be7 11.Nbd2 O-O 12.Nb3 Qc7 13.Re1 Ngxe5 14.Nxe5 Nxe5 15.Bxe5
Qxe5 16.Bd3 Qf6 17.Qc2 g6 18.Re3 b6 19.Rae1 Bb7 20.Qe2 Bd6 21.Rf3 Qg5 22.Nd4 Qh5
23.h3 e5 24.Nb5 e4 25.g4 exf3 26.Qxf3 Bh2 27.Kxh2 Qg5 28.Nd4 Rae8 29.Rd1 Qe5
30.Kg1 Kg7 31.Bb5 Rc8 32.Kf1 a6 33.Bd3 Qf6 34.Qxf6 Kxf6 35.f4 Rfe8 36.f5 g5
37.Kf2 h6 38.Bf1 Re5 39.Bd3 Rce8 40.Nc2 a5 41.Rh1 R5e7 42.h4 Kg7 43.hxg5 hxg5
44.f6 Kxf6 45.Rh6 Ke5 46.Rxb6 Kf4 47.Rf6 Kxg4 48.Bb5 Rh8 49.Ne3 Rxe3 50.Kxe3 Rh3
51.Kd2 Rh7 52.Bd7 Kg3 53.Rb6 Ba8 54.Ra6 f6 55.Bc8 Bb7 56.Bxb7 Rxb7 57.b3 f5
58.Re6 f4 59.Ke2 Rh7 60.Re5 g4 61.Rxd5 Rh2 62.Ke1 Rxa2 63.Rd3 f3 64.Rd1 Kg2 0-1

[Event "Cto. Navarra Absoluto por Equipos 2018"]
[Site "?"]
[Date "2018.10.13"]
[Round "1.5"]
[White "Iturralde Olcoz, Sergio"]
[Black "Egozcue Sghir, Aritz"]
[Result "1-0"]
[EventDate "2018.10.13"]
[WhiteElo "1504"]
[BlackElo "1331"]
[SourceDate "2018.11.18"]
[SourceTitle "FNA"]

1.e4 d5 2.exd5 Qxd5 3.Nc3 Qa5 4.Bc4 Nf6 5.d3 c6 6.Bd2 Qc7 7.Nf3 Bg4 8.h3 Bh5
9.g4 Bg6 10.Qe2 Nbd7 11.O-O-O O-O-O 12.Nh4 Ne5 13.Nxg6 hxg6 14.Bxf7 Nxf7 15.Qe6
Rd7 16.Qxf7 e5 17.Qxg6 Bc5 18.Be3 Bxe3 19.fxe3 Rh6 20.Qf5 Kb8 21.g5 Rh5 22.Qg6
Qd6 23.gxf6 Rh6 24.Qg5 Qxf6 25.Ne4 Qxg5 26.Nxg5 Rf6 27.Rdf1 a6 28.Rxf6 gxf6
29.Ne4 f5 30.Ng5 Rg7 31.h4 Rg6 32.Rf1 Rf6 33.Kd2 Kc7 34.Ne4 Rf7 35.Ng3 f4
36.exf4 exf4 37.Ne2 f3 38.Nd4 f2 39.Ke3 Rh7 40.Nf5 Rh5 41.Rxf2 Kd7 42.Ke4 Rh7
43.Rg2 Ke6 44.Rg6 Kf7 45.Rh6 Kg8 46.Rxh7 Kxh7 1-0

[Event "Cto. Navarra Absoluto por Equipos 2018"]
[Site "?"]
[Date "2018.10.13"]
[Round "1.6"]
[White "Lopez Garcia, Inigo"]
[Black "Leone Amigot, Haymar"]
[Result "1-0"]
[EventDate "2018.10.13"]
[WhiteElo "1248"]
[BlackElo "1394"]
[SourceDate "2018.11.18"]
[SourceTitle "FNA"]

1.e4 e5 2.Nf3 Nf6 3.Nxe5 d6 4.Nf3 Nxe4 5.c4 Be7 6.d4 O-O 7.Bd3 Nf6 8.h3 d5 9.Nc3
Nc6 10.O-O Be6 11.Ng5 dxc4 12.Nxe6 fxe6 13.Bxc4 Nxd4 14.Re1 Kf7 15.Be3 c5
16.Bxd4 Qxd4 17.Bxe6 Kg6 18.Qc2 Kh6 19.Rad1 Qf4 20.Ne2 Qc7 21.Qd2 g5 22.h4 Ne4
23.Qe3 Nd6 24.Rd5 Qd8 25.Qe5 Nc4 26.hxg5 Bxg5 27.Qh2 1-0

[Event "Cto. Navarra Absoluto por Equipos 2018"]
[Site "?"]
[Date "2018.10.13"]
[Round "1.1"]
[White "Fuertes Cirauqui, Pablo"]
[Black "Sanjuan Ruperez, Jorge"]
[Result "1-0"]
[EventDate "2018.10.13"]
[WhiteElo "1807"]
[BlackElo "1735"]
[SourceDate "2018.11.18"]
[SourceTitle "FNA"]

1.e4 e5 2.Nc3 Nf6 3.f4 d5 4.exd5 e4 5.d3 Bb4 6.Bd2 e3 7.Bxe3 Nxd5 8.Bd2 O-O
9.Nf3 Re8 10.Be2 Ne3 11.Bxe3 Rxe3 12.O-O Bxc3 13.bxc3 Nc6 14.Qd2 Re8 15.Rae1 Be6
16.a3 Qd6 17.Ng5 Bd5 18.c4 Bxc4 19.Bf3 Qd4 20.Kh1 Bd5 21.c4 Bxc4 22.Be4 Rxe4
23.Rxe4 Qxd3 24.Rfe1 g6 25.Qxd3 Bxd3 26.Re8 Rxe8 27.Rxe8 Kg7 28.Rc8 h6 29.Nf3
Kf6 30.Rxc7 Be4 31.Rxb7 1-0

[Event "Cto. Navarra Absoluto por Equipos 2018"]
[Site "?"]
[Date "2018.10.13"]
[Round "1.2"]
[White "Seguil Sandoval, Pedro"]
[Black "Roldan Marques, Marta"]
[Result "0-1"]
[EventDate "2018.10.13"]
[WhiteElo "1642"]
[BlackElo "1691"]
[SourceDate "2018.11.18"]
[SourceTitle "FNA"]

1.b3 d5 2.Bb2 Bf5 3.e3 e6 4.Nf3 Nf6 5.Ne5 a6 6.Be2 Bd6 7.f4 c5 8.O-O O-O 9.g4
Be4 10.d3 Bg6 11.f5 Bxe5 12.Bxe5 Nxg4 13.Bxg4 exf5 14.Bf3 Qg5 15.Bg3 Qxe3 16.Bf2
Qe5 17.Nd2 Nd7 18.Qe2 Qe6 19.Rfe1 Rfe8 20.Qf1 Qd6 21.Rxe8 Rxe8 22.Re1 Rxe1
23.Qxe1 Qe6 24.Qf1 b6 25.Qg2 Nf6 26.Qg3 h6 27.Qb8 Kh7 28.Qd8 Bh5 29.Bxh5 Nxh5
30.Qh4 Qe2 31.Nf1 g5 32.Qh3 Kg6 33.Qe3 Qxc2 34.b4 Nf4 35.bxc5 bxc5 36.h4 Nxd3
37.hxg5 hxg5 38.Qd2 Qxd2 39.Nxd2 Nxf2 40.Kxf2 c4 41.a4 c3 42.Nb3 g4 0-1